000 00494cam a2200145 4500500
005 20251012050533.0
041 _afre
042 _adc
100 1 0 _aMorisson, Batiste
_eauthor
245 0 0 _aLa sobriété. Pourquoi est-il si difficile de se modérer ?
260 _c2022.
500 _a88
786 0 _nPhilosophie magazine | 163 | 10 | 2022-10-01 | p. 24-25 | 1951-1787
856 4 1 _uhttps://shs.cairn.info/magazine-philosophie-magazine-2022-10-page-24?lang=fr&redirect-ssocas=7080
999 _c1549451
_d1549451